Score 0/27 Timer 03:00
0 Plays Today
Hint 4-Letter Word % Correct
○ Fifty percent ○HALF
98.8%
Lacking strengthWEAK
96.5%
Bird mouthBEAK
96.5%
Dorm dining roomHALL
94.2%
Young bovine CALF
93.8%
Main body of a ship HULL
92.7%
Shut forcefullySLAM
92.4%
Increase in sizeGROW
87%
Squalid urban district SLUM
86.3%
○ Radiate light ○GLOW
84.3%
○ Holding as much as possible ○FULL
83.6%
○ Take 1st base on four balls ○WALK
83.3%
○ Squared support timber ○BEAM
82.8%
Move in steady streamFLOW
82.3%
Hint 4-Letter Word % Correct
Underground coal layerSEAM
79.7%
Champagne music's LawrenceWELK
79.3%
Insult or derogatory commentSLUR
76.2%
Make unclear, less distinctBLUR
74.6%
Chimney ductFLUE
73.9%
○ Feeling melancholy, depressed ○BLUE
73.2%
Floating ice sheetFLOE
71.5%
NASCAR's YarboroughCALE
58.5%
Corduroy ridgeWALE
56.4%
1982 Disney sci-fi movieTRON
55.6%
Animated film (abbrev.)TOON
54.5%
Archaic word for 'think'TROW
53.4%
○○ COMMON BOND ○○MOON
39.9%

Today's Daily Dose

You're not logged in!

Compare scores with friends on all Sporcle quizzes.
OR
Log In

Sporcle TV

Today on Sporcle TV


Watch our educational content, quiz creation guides, and fun videos on Sporcle TV.

Show Comments

Extras

Top Quizzes Today


Score Distribution

Paid Content

Your Account Isn't Verified!

In order to create a playlist on Sporcle, you need to verify the email address you used during registration. Go to your Sporcle Settings to finish the process.

Report this User

Report this user for behavior that violates our Community Guidelines.

Details: